|
|
|
|
| LEADER |
00000cam a2200000 7i4500 |
| 001 |
0000003787 |
| 005 |
20110621.0 |
| 020 |
0 |
0 |
|a 9789832181880
|
| 090 |
0 |
0 |
|a 333.951609595
|b BIO 2005
|
| 245 |
1 |
0 |
|a Proceedings of the seminar and workshop status of biological diversity in Malaysia & treat assessment of plants species in Malaysia
|c edited by L.S.L. Chua, L.G.Kirton and L.G.Saw
|
| 260 |
0 |
0 |
|a Kuala Lumpur :
|b Forest Research Institute Malaysia ,
|c 2007.
|
| 300 |
|
|
|a vii, 271 p. :
|b ill. (some col.), ;
|c 25cm.
|
| 650 |
0 |
0 |
|a Biodiversity conservation---Malaysia---congresses
|
| 650 |
0 |
0 |
|a Plant diversity conservation---Malaysia---congresses.
|
| 700 |
0 |
1 |
|a Chua, L.S.L
|
| 700 |
0 |
1 |
|a Kirton, L.G
|
| 700 |
0 |
1 |
|a Saw, L.G
|
| 998 |
|
|
|a JPSM
|
| 999 |
|
|
|a 007338
|b Monograph
|c Open Shelf
|e Default branch
|